Statistics for ...Ready for It? - Taylor Swift (All Lyrics)

Click here to take the quiz!

General Stats

  • This quiz has been taken 67 times
  • The average score is 397 of 458

Answer Stats

Lyrics% Correct
a
100%
I,
100%
I
100%
Are
98%
are
98%
for
98%
he
98%
that
98%
be
96%
him
96%
ready
96%
time
96%
to
96%
You
96%
you
96%
you,
96%
an
94%
And
94%
and
94%
how
94%
in
94%
In
94%
it?
94%
(The
94%
the
94%
then
94%
was
94%
Baby,
92%
baby
92%
baby,
92%
(Baby),
92%
do),
92%
do,
92%
do
92%
first
92%
me
92%
my
92%
(My
92%
saw
92%
so
92%
I'm
90%
is
90%
No
90%
(No
90%
of
90%
see
90%
this
90%
but
88%
But
88%
dreams)
88%
dreams
88%
(Go)
88%
go
88%
if
88%
know)
88%
know
88%
middle
88%
never
88%
Never
88%
night
88%
night)
88%
night,
88%
(Night),
88%
ta
88%
things
88%
we
88%
(We
88%
alone
86%
gon'
86%
has
86%
Island
86%
island
86%
killer
86%
man,
86%
one
86%
with
86%
you'll
86%
girls
84%
gonna
84%
Knew
84%
Let
84%
let
84%
Oh
84%
take
84%
Touch
84%
he's
82%
left
82%
should
82%
all,
80%
can
80%
down
80%
haunted
80%
many
80%
now,
80%
now
80%
too
80%
begin,
78%
begin
78%
boys
78%
ghost,
78%
(Low)
78%
low
78%
games
76%
lights
76%
Some
76%
some
76%
Taylor
76%
try
76%
breeze
75%
had
75%
love
75%
phantom
75%
tryin'
75%
at
73%
hard,
73%
don't
71%
Holdin'
71%
like
71%
Like
71%
sorry
71%
than
71%
act
69%
exes,
69%
hearts
69%
move
69%
ransom,
69%
same
69%
their
69%
though
69%
ah
67%
sayin'
67%
Stealin'
67%
such
67%
thief,
67%
very
67%
Younger
67%
forget
65%
jailer,
65%
names
65%
robber
65%
We'll
65%
Every
63%
failure
63%
loved
63%
runnin'
63%
tame
63%
Wondered
63%
forever
61%
nothin'
61%
off
59%
heist
57%
keep
57%
vendetta
57%
I've
55%
join
53%
comparison
51%
known
51%
(Yeah)
51%
(Mmm)
49%
mmm
49%
Burton
47%
better,
41%

Score Distribution

Percentile by Number Answered

Percent of People with Each Score

Your Score History

You have not taken this quiz